| 000 | 00668nam a2200217 a 4500 | ||
|---|---|---|---|
| 005 | 20210223130637.0 | ||
| 008 | 080925s1979 mx r 000 0 spa d | ||
| 035 | _aUPN01000160964 | ||
| 049 | _aUNE | ||
| 080 | _a376.2/ .36 -053.2 =20CHI No.17. | ||
| 245 | 0 | 4 | _aThe child with special learning needs. |
| 260 |
_aParís : _bUNESCO : _bUNICEF, _c1979. |
||
| 300 | _a9 p. | ||
| 440 | 0 |
_aNotes, comments ... ; _717 |
|
| 690 | _aEducación especial - Primera infancia | ||
| 690 | _aNiños - Minusvalidos - Educación especial | ||
| 690 | _aMinusvalidos - Educación especial - Primera infancia | ||
| 710 | 2 |
_aUNICEF _924085 |
|
| 710 | 2 | _aUNESCO | |
| 905 | _aUNESCO | ||
| 999 |
_c133077 _d133077 |
||